Breast or Bottle? (Record no. 18395)
[ view plain ]
| 000 -LEADER | |
|---|---|
| fixed length control field | 00557nam a22001817a 4500 |
| 008 - FIXED-LENGTH DATA ELEMENTS--GENERAL INFORMATION | |
| fixed length control field | 200730b xxu||||| |||| 00| 0 eng d |
| 020 ## - INTERNATIONAL STANDARD BOOK NUMBER | |
| International Standard Book Number | 1611172416 |
| 050 ## - LIBRARY OF CONGRESS CALL NUMBER | |
| Classification number | RJ216 |
| Item number | .K64 2013 c.1 |
| 100 ## - MAIN ENTRY--PERSONAL NAME | |
| Personal name | Koerber, Amy |
| 245 ## - TITLE STATEMENT | |
| Title | Breast or Bottle? |
| Remainder of title | Contemporary Controversies in Infant-Feeding Policy and Practice |
| Statement of responsibility, etc. | Amy Koerber |
| 250 ## - EDITION STATEMENT | |
| Remainder of edition statement | xiii, 190p. |
| 260 ## - PUBLICATION, DISTRIBUTION, ETC. (IMPRINT) | |
| Place of publication, distribution, etc. | Columbia |
| Name of publisher, distributor, etc. | University of South Carolina Press |
| Date of publication, distribution, etc. | 2013 |
| 300 ## - PHYSICAL DESCRIPTION | |
| Extent | xiii,190p. |
| 650 ## - SUBJECT ADDED ENTRY--TOPICAL TERM | |
| Topical term or geographic name as entry element | Infants |
| Form subdivision | Nutrition |
| 650 ## - SUBJECT ADDED ENTRY--TOPICAL TERM | |
| Topical term or geographic name as entry element | Breastfeeding |
| 650 ## - SUBJECT ADDED ENTRY--TOPICAL TERM | |
| Topical term or geographic name as entry element | Bottle feeding |
| 942 ## - ADDED ENTRY ELEMENTS (KOHA) | |
| Source of classification or shelving scheme | Library of Congress Classification |
| Koha item type | General Collection |
| Withdrawn status | Lost status | Source of classification or shelving scheme | Not for loan | Home library | Current library | Date acquired | Cost, normal purchase price | Total Checkouts | Full call number | Barcode | Date last seen | Price effective from | Koha item type |
|---|---|---|---|---|---|---|---|---|---|---|---|---|---|
| Library of Congress Classification | Kabarak, Main Campus | Kabarak, Main Campus | 30/07/2020 | 3833.00 | RJ216 .K64 2013 c.1 | 029176 | 30/07/2020 | 30/07/2020 | General Collection | ||||
| Library of Congress Classification | Kabarak, Main Campus | Kabarak, Main Campus | 30/07/2020 | 3833.00 | RJ216 .K64 2013 c.2 | 029177 | 30/07/2020 | 30/07/2020 | General Collection | ||||
| Library of Congress Classification | Kabarak, Main Campus | Kabarak, Main Campus | 30/07/2020 | 3833.00 | RJ216 .K64 2013 c.3 | 029178 | 30/07/2020 | 30/07/2020 | General Collection |